Los métodos de lectura y escritura usados en Chile
Uloženo v:
| Hlavní autor: | |
|---|---|
| Médium: | Kniha |
| Jazyk: | španělština |
| Vydáno: |
Olimpho.
1991.
|
| Vydání: | 2ª ed. |
| Témata: | |
| Tagy: |
Přidat tag
Žádné tagy, Buďte první, kdo vytvoří štítek k tomuto záznamu!
|
MARC
| LEADER | 00000nam a22000005a 4500 | ||
|---|---|---|---|
| 001 | 3955 | ||
| 003 | CL-ChBUA | ||
| 005 | 20120815102839.0 | ||
| 008 | 070301s1991 cl 000 0dspa | ||
| 040 | |a CL-ChBUA |c CL-ChBUA | ||
| 082 | 0 | 0 | |a 372.414 |
| 090 | |c 3955 |d 3955 | ||
| 100 | 1 | |a Sazo Olave, Pedro. | |
| 245 | 1 | 0 | |a Los métodos de lectura y escritura usados en Chile |
| 250 | |a 2ª ed. | ||
| 260 | |b Olimpho. |c 1991. | ||
| 300 | |a 638 p.: il. |b 638 p.: il. |c 20 cm. | ||
| 504 | |a Bibl., índice. | ||
| 650 | 4 | |a LECTURA - ENSEÑANZA (CHILE). | |
| 650 | 4 | |a ESCRITURA - ENSEÑANZA (CHILE). | |
| 942 | |c LIB | ||
| 952 | |0 0 |1 0 |4 0 |7 0 |9 5808 |a UNACH |b UNACH |c 300 |d 2007-03-05 |i 26.344. |l 6 |m 1 |o 372.414 983 / Sa 265 1990. |p 6807 |r 2017-10-10 00:00:00 |s 2017-10-06 |u 5808 |w 2012-08-08 |y LIB |k 372.414 983 / Sa 265 1990. | ||
| 999 | |c 3955 |d 3955 | ||